000 01296nas1a22002771i 4500
001 RU\NLR\INFOCOMM9\5000120793
005 20260407151237.0
035 _a(NLR Aleph) 002287309
090 _a4099486
_c4099486
100 _a20051020a20039999|||y0rusy50 ca
101 0 _arus
102 _aRU
110 _azyuzz 0|y|
200 1 _aМестное самоуправление
_eИнформ.-метод. сб.
_fДума Ханты-Манс. авт. окр.
210 _aХанты-Мансийск
_cПолиграфист
_d2003-
712 0 1 _4570
_aХанты-Мансийский автономный округ - Югра
_bДума
_3RU\NLR\AUTH\8810091135
_9683519
712 0 1 _4570
_aХанты-Мансийский автономный округ
_bДума
_3RU\NLR\AUTH\8810051635
_9603595
801 2 _aRU
_bNLR
_c20070727
_2rusmarc
801 1 _aRU
_bInfoComm
_c20051020
801 0 _aRU
_bNLR
_gPSBO
852 _aNLR
_jП22/8036
942 _cSE
980 _aRUSPER